000 00623nam a2200217Ia 4500
003 OSt
005 20220928140237.0
006 a|||||r|||| 00| 0
007 ta
008 220927b |||||||| |||| 00| 0 eng d
024 _a7897
037 _cTextual
040 _aSDCL
_cSDCL
_beng
041 _2eng
_aeng
082 _aX:75.2'N85t5, M5
100 _aKananaikil Jose Ed.
_9494833
245 0 _aSeventh plan and development of weaker sections
_b Questions challenges and alternatives
260 _c1985
942 _hX:75.2'N85t5, M5
_cTEXL
_2CC
999 _c810907
_d810907